Memoria técnica de la Cuantificación de la superfecie de bosque natural y deforestación a nivel nacional / (Registro nro. 17889)

Detalles MARC
000 -CABECERA
Campo de control 01465nam a22003857a 4500
005 - FECHA Y HORA DE LA ULTIMA TRANSACCION
Campo de control 20171005020002.0
008 - ELEMENTOS DE LONGITUD FIJA—INFORMACION GENERAL
Campo de control 151127b2014 ck ||||fr|||| 00| 0 spa d
040 ## - FUENTE DE CATALOGACIÓN
Agencia catalogadora original CO-BoIAVH
Agencia transcriptora CO-BoIAVH
041 0# - IDIOMA
Código de idioma para texto/pista de sonido o título separado Español
044 ## - PAÍS DE PUBLICACIÓN
País de publicación Colombia
082 04 - NUMERO DE CLASIFICACION DECIMAL DEWEY
Número de clasificación 577.5072
Número del ítem G15m
100 1# - ASIENTO PRINCIPAL--NOMBRE PERSONAL
Nombre personal Galindo, Gustavo
9 (RLIN) 3106
245 10 - MENCION DE TITULO
Título Memoria técnica de la Cuantificación de la superfecie de bosque natural y deforestación a nivel nacional /
Mención de responsabilidad Gustavo Galindo [y otros 13]
260 3# - PUBLICACION, DISTRIBUCION, ETC. (PIE DE IMPRENTA)
Lugar de publicación, distribución, etc. Bogotá :
Nombre del editor, distribuidor, etc. IDEAM,
Fecha de publicación, distribución, etc. 2014.
300 ## - DESCRIPCION FISICA
Extensión 56 páginas :
Otros detalles físicos mapas, tablas y gráficas a color ;
Dimensiones 28 x 22 cm.
500 ## - NOTA GENERAL
Nota general Incluye glosario.
504 ## - NOTA DE BIBLIOGRAFIA, ETC.
Nota de bibliografía Incluye referencias bibliográficas (páginas 49-51).
650 #6 - ASIENTO SECUNDARIO DE MATERIA - TERMINO TEMATICO
Término temático o nombre geográfico como elemento de entrada Bosque natural
Subdivisión general Superficie
Subdivisión geográfica Colombia
9 (RLIN) 43480
650 #6 - ASIENTO SECUNDARIO DE MATERIA - TERMINO TEMATICO
Término temático o nombre geográfico como elemento de entrada Bosque natural
Subdivisión general Manejo
-- Superficie
Subdivisión cronológica 2013 - 2014
Subdivisión geográfica Colombia
9 (RLIN) 43481
650 #6 - ASIENTO SECUNDARIO DE MATERIA - TERMINO TEMATICO
Término temático o nombre geográfico como elemento de entrada Deforestación
Subdivisión cronológica 2013 - 2014
Subdivisión geográfica Colombia
9 (RLIN) 43482
700 1# - ASIENTO SECUNDARIO - NOMBRE PERSONAL
Nombre personal Espejo, Óscar Javier
9 (RLIN) 43483
700 1# - ASIENTO SECUNDARIO - NOMBRE PERSONAL
Nombre personal Ramírez, Juan Pablo
9 (RLIN) 43484
700 1# - ASIENTO SECUNDARIO - NOMBRE PERSONAL
Nombre personal Forero, Cristhian
9 (RLIN) 43485
700 1# - ASIENTO SECUNDARIO - NOMBRE PERSONAL
Nombre personal Valbuena, Cesar Agusto
9 (RLIN) 43486
700 1# - ASIENTO SECUNDARIO - NOMBRE PERSONAL
Nombre personal Rubiano, Juan Carlos
9 (RLIN) 43487
700 1# - ASIENTO SECUNDARIO - NOMBRE PERSONAL
Nombre personal Palacios, Santiago
9 (RLIN) 2569
700 1# - ASIENTO SECUNDARIO - NOMBRE PERSONAL
Nombre personal Lozano, Rosa Helena
9 (RLIN) 43488
700 1# - ASIENTO SECUNDARIO - NOMBRE PERSONAL
Nombre personal Vargas, Kattia Magreth
9 (RLIN) 43489
700 1# - ASIENTO SECUNDARIO - NOMBRE PERSONAL
Nombre personal Palacios, Adriana
9 (RLIN) 43490
700 1# - ASIENTO SECUNDARIO - NOMBRE PERSONAL
Nombre personal Franco, Carol Andrea
9 (RLIN) 43491
700 1# - ASIENTO SECUNDARIO - NOMBRE PERSONAL
Nombre personal Granados, Edwin Iván
9 (RLIN) 43492
700 1# - ASIENTO SECUNDARIO - NOMBRE PERSONAL
Nombre personal Vergara, Lina Katherine
9 (RLIN) 6148
700 1# - ASIENTO SECUNDARIO - NOMBRE PERSONAL
Nombre personal Cabrera, Edersson
9 (RLIN) 3118
942 ## - ELEMENTOS ADICIONALES (KOHA)
Sistema de clasificación Dewey Decimal Classification
Tipo de ítem Libro
Koha issues (borrowed), all copies 1
Existencias
Withdrawn status Lost status Sistema de Clasificación Damaged status No para préstamo Colección Inventariado Ubicación Permanente Ubicación actual Fecha de adquisición Fuente de Valor Valor Total Checkouts Número topográfico Inventario / Código de Barras Date last seen Date checked out Ejemplar Price effective from Forma de adquisición Tipo de material
    Dewey Decimal Classification     General Inventariado 2017 Bogotá Bogotá 27/11/2015 Instituto 39000.00 1 LB-577.5072 G15m 039502 04/10/2017 04/10/2017 Ej. 1 27/11/2015   Libro